000 00623nam a2200205Ia 4500
003 GCL
008 140319s9999 xx 000 0 ara d
020 _a1111307977
040 _aGCL /
_cGCL
082 0 4 _a746.43
_bن ت
100 1 _aنادية ابراهيم محمد
245 1 0 _aالتريكو /
_cنادية ابراهيم محمد
250 _aالاولى
260 _aالقاهرة :
_bدار الفاروق للنشر والتوزيع ،
_c2000
300 _a316 ص ؛
_c30 سم
650 0 4 _aالحرف اليدوية
650 0 4 _aاشغال النسيج
650 0 4 _aالتريكو
942 _2ddc
_cBK
999 _c895
_d895